000 00522nam a22001697a 4500
003 OSt
005 20260123151317.0
008 260123b |||||||| |||| 00| 0 eng d
040 _cMRSPTU
041 _aEnglish
100 _aAnkita Nagpal, Supervisor: Naresh Kumar Garg
245 _aSpurious Minutiae Removal Technique Using Msplitends Case
260 _bDepartment of CSE, MRSPTU, Bathinda
_c2015
650 _aComputer Science
856 _uhttp://163.47.215.52:8080/jspui/handle/123456789/240
942 _2ddc
_cTH
_n0
999 _c10740
_d10740